000
00344nam a2200145Ia 4500
005
20250424120252.0
008
250424s9999 xx 000 0 und d
022
_a
9789784983061
050
_a
HD 6490. J68/
245
0
_a
Journal of anti- corruption studies
260
_a
Abuja
260
_b
Fortune Magazine
260
_c
2013
942
_c
SR
999
_c
38350
_d
38350